00326nam a2200121Ia 4500008004100000041000800041082001400049100001900063245004000082260004300122300003200165365000700197240624s9999 xx 000 0 und d aeng a005.1 HOR aHOROWITZ ELLIS aFUNDAMENTALS OF COMPUTER ALGORITHMS c2005aNew DelhibGalgotia Publications axxii, : 769 : p. : cm. ; 24 cRS